000 00544nam a2200169Ia 4500
008 090711s9999 xx 000 0 und d
082 _b30771
100 _aश्रीप्रिय वि. दा.
245 _aविलक्षण गोष्टी
260 _c1968
300 _a92
600 _aश्रीप्रिय वि. दा.
630 _aविलक्षण गोष्टी
700 _aश्रीप्रिय वि. दा.
730 _aविलक्षण गोष्टी
942 _cBOOK
999 _c322483
_d322483